00693nam a2200241 a 4500001001300000003000900013005001700022008004100039020001000080082001500090100002000105245003400125260004300159300000900202500003500211505001700246650002200263700002000285902000800305942000700313952011600320999001500436nice12345678IN_TiNIC20260116012813.0050524s1859 newa grp 000 0 eng  ac10000a269.2bHUM aHumphrey, Heman aRevival, Sketches and Manual. aNew YorkbAmerican Tract Societyc1859 a476p aincludes index and biblioraphy2 aBibliography aEvangelistic Work1 aHumphrey, Heman bSRS cBK 001040708StackRoom-aHMIbHMId2007-07-31g100.00l0o269.2 HUMp012347r2007-07-31v100.00w2005-05-24yBK c8441d8441